| 000 | 00665nam a22002417a 4500 | ||
|---|---|---|---|
| 005 | 20170124110013.0 | ||
| 010 | _aA-459754 | ||
| 020 |
_c195.00 _a818514835 |
||
| 035 | _aA-459754 | ||
| 037 | _bCen Lib/ Ret | ||
| 040 |
_aDPL _bEN |
||
| 082 |
_a370.19345 _bUDA |
||
| 100 |
_aUday Shankar _916103 |
||
| 245 |
_aSex knowledge / _cby Uday Shankar |
||
| 260 |
_aNew Delhi _bEnkay publishers _c1991 |
||
| 270 |
_bNew Delhi _aC4/155, Yamuna vihar _e110053 |
||
| 300 |
_a233p. _c20cm(Hb) |
||
| 500 | _aIncludes index | ||
| 650 |
_aEducation _91169 |
||
| 650 |
_aSex education _918155 |
||
| 700 | _918106 | ||
| 942 |
_2ddc _cEN _h370.19345 _mUDA |
||
| 999 |
_c126678 _d126678 |
||